Načítá se...

Computational fluid flow and heat transfer /

Podrobná bibliografie
Médium: Printed Book
Vydáno: New Delhi: Narosa, 2009.
Vydání:2nd
Témata:
LEADER 00512cam a2200169ua 4500
008 100607t2009||||||||||| 00 ||||| c
082 |a 536.25  |b COM 
245 1 0 |a Computational fluid flow and heat transfer /  
250 |a 2nd 
260 |a New Delhi:  |b Narosa,  |c 2009. 
300 |a 592p.. 
362 1 |a 2009. 
650 |a Heat transfer 
650 0 |a Fluid flow 
942 |c BK 
999 |c 22162  |d 22162 
952 |0 0  |1 0  |4 0  |6 536_250000000000000_CO  |7 0  |9 23489  |a KUCL  |b KUCL  |d 2014-05-23  |l 0  |o 536.25 CO  |p 22635  |r 2014-05-23  |w 2014-05-23  |y BK